| 000 | 00567nam a2200205 a 4500 | ||
|---|---|---|---|
| 005 | 20140310183303.0 | ||
| 008 | 050704s19uu xx 00 eng d | ||
| 020 | _a0071402934 | ||
| 050 |
_aHF 5384 _b.D69 2004 |
||
| 100 | _aDowd, Karen O. | ||
| 245 | _aThe ultimate guide to getting the career you want/. | ||
| 260 |
_aNew York : _bMc Graw-Hill, _c2004. |
||
| 300 |
_a326 p. : _bill. ; _c25 cm. |
||
| 521 | _aBSBA | ||
| 650 | _aCareer changes. | ||
| 650 | _aVocational guidance. | ||
| 700 | _aTaguchi, Sherrie Gong | ||
| 942 |
_cBK _2lcc _kFOR |
||
| 999 |
_c21027 _d21027 |
||